Mzdové predpisy

Salvato in:
Dettagli Bibliografici
Autore principale: Kloknerová, Mária
Natura: Libro
Lingua:slovacco
Pubblicazione: Bratislava Eurounion 1993
Edizione:1. vyd.
Soggetti:
Tags: Aggiungi Tag
Nessun Tag, puoi essere il primo ad aggiungerne!!

MARC

LEADER 00000nam a2200000 4500
001 c003810
005 20221128073418.0
020 |a 80-85568-23-3 
041 0 |a slo 
044 |a SK 
245 1 0 |a Mzdové predpisy  |c Mária Kloknerová 
250 |a 1. vyd. 
264 1 |a Bratislava  |b Eurounion  |c 1993 
300 |a 288 s. 
610 2 0 |a predpisy mzdové 
610 2 0 |a predpisy právne 
610 2 0 |a odmeňovanie 
610 2 0 |a Slovensko 
610 2 0 |a zamestnanci 
610 2 0 |a zamestnávatelia 
610 2 0 |a 1993 
610 2 0 |a správa štátna 
610 2 0 |a úkony právne 
100 1 |a Kloknerová, Mária